[Event "CCCSA GM Norm A 2019"]
[Site "Charlotte"]
[Date "2019.06.09"]
[Round "8.4"]
[White "Korley, Kassa"]
[Black "Grigoryan, Karen H."]
[Result "1-0"]
[WhiteElo "2430"]
[BlackElo "2547"]
[Annotator "ChessBase"]
[PlyCount "117"]
[EventDate "2019.06.05"]
[EventType "tourn"]
[EventCountry "USA"]
[SourceTitle "playchess.com"]
[Source "ChessBase"]
[SourceQuality "1"]
[TimeControl "5400+30"]

1. d4 {[%emt 0:03:08]} Nf6 {[%emt 0:00:07]} 2. Bf4 {[%emt 0:00:05]} d6 {[%emt 0:00:15]} 3. e3 {[%emt 0:00:17]} g6 {[%emt 0:00:06]} 4. c3 {[%emt 0:01:11]} Bg7 {[%emt 0:00:05]} 5. Be2 {[%emt 0:00:23]} O-O {[%emt 0:00:07]} 6. Nf3 {[%emt 0:00:03]} b6 {[%emt 0:00:46]} 7. h3 {[%emt 0:00:30]} Bb7 {[%emt 0:00:05]} 8. Nbd2 {[%emt 0:00:17]} Nbd7 {[%emt 0:00:11]} 9. O-O {[%emt 0:00:09]} Re8 {[%emt 0:00:25]} 10. a4 {[%emt 0:00:24]} e5 {[%emt 0:00:07]} 11. Bh2 {[%emt 0:00:14]} a6 {[%emt 0:01:09]} 12. Qb3 {[%emt 0:01:07]} Ne4 {[%emt 0:01:40]} 13. Nxe4 {[%emt 0:00:30]} Bxe4 {[%emt 0:00:05]} 14. Nd2 {[%emt 0:06:05]} Bb7 {[%emt 0:00:14]} 15. Bf3 {[%emt 0:00:11]} e4 {[%emt 0:01:21]} 16. Be2 {[%emt 0:00:05]} d5 {[%emt 0:00:23]} 17. Rfc1 {[%emt 0:08:30]} c5 {[%emt 0:00:41]} 18. Qd1 {[%emt 0:00:34]} c4 {[%emt 0:00:42]} 19. b3 {[%emt 0:00:24]} b5 {[%emt 0:00:06]} 20. axb5 {[%emt 0:03:06]} axb5 {[%emt 0:00:07]} 21. Rxa8 {[%emt 0:00:07]} Bxa8 {[%emt 0:00:11]} 22. Ra1 {[%emt 0:00:22]} Qb6 {[%emt 0:00:57]} 23. bxc4 {[%emt 0:05:24]} dxc4 {[%emt 0:01:23]} 24. Qb1 {[%emt 0:01:01]} Bd5 {[%emt 0:00:41]} 25. Ra2 {[%emt 0:01:51]} Bf8 {[%emt 0:02:13]} 26. Rb2 {[%emt 0:01:37]} b4 {[%emt 0:00:18]} 27. Nxc4 {[%emt 0:04:28]} Qc6 {[%emt 0:00:44]} 28. cxb4 {[%emt 0:09:16]} Bxc4 {[%emt 0:00:12]} 29. b5 {[%emt 0:00:03]} Qd5 {[%emt 0:00:31]} 30. Bxc4 {[%emt 0:00:06]} Qxc4 {[%emt 0:00:04]} 31. b6 {[%emt 0:00:04]} Qe6 {[%emt 0:05:30]} 32. b7 {[%emt 0:01:56]} Bd6 {[%emt 0:00:30]} 33. Bxd6 {[%emt 0:03:29]} Qxd6 {[%emt 0:04:45]} 34. Rc2 {[%emt 0:00:22]} Nb8 {[%emt 0:14:14]} 35. Rc8 {[%emt 0:04:03]} Qd7 {[%emt 0:05:27]} 36. Qc2 {[%emt 0:05:15]} Kf8 {[%emt 0:01:48]} 37. Qc5+ {[%emt 0:06:44]} Qe7 {[%emt 0:01:40]} 38. Rc7 {[%emt 0:07:18]} Qxc5 {[%emt 0:00:23]} 39. dxc5 {[%emt 0:00:05]} Rd8 {[%emt 0:02:33]} 40. c6 {[%emt 0:01:51]} Ke8 {[%emt 0:00:27]} 41. g4 {[%emt 0:06:39]} Nxc6 {[%emt 0:05:11]} 42. Rxc6 {[%emt 0:00:04]} Kd7 {[%emt 0:00:06]} 43. Rf6 {[%emt 0:00:22]} Ke7 {[%emt 0:00:09]} 44. Rb6 {[%emt 0:02:15]} Rb8 {[%emt 0:00:06]} 45. g5 {[%emt 0:00:25]} Kd7 {[%emt 0:00:23]} 46. Kg2 {[%emt 0:00:29]} Kc7 {[%emt 0:53:52]} 47. Rb4 {[%emt 0:00:36]} Rxb7 {[%emt 0:00:00]} 48. Rxb7+ {[%emt 0:00:08]} Kxb7 {[%emt 0:00:00]} 49. Kg3 {[%emt 0:00:03]} Kc6 {[%emt 0:00:00]} 50. Kf4 {[%emt 0:00:05]} Kd5 {[%emt 0:00:00]} 51. h4 {[%emt 0:00:04]} f5 {[%emt 0:00:00]} 52. gxf6 {[%emt 0:00:35]} Ke6 {[%emt 0:00:00]} 53. Kxe4 {[%emt 0:00:52]} Kxf6 {[%emt 0:00:00]} 54. Kf4 {[%emt 0:02:01]} h6 {[%emt 0:00:00]} 55. Kg4 {[%emt 0:00:51]} g5 {[%emt 0:00:00]} 56. hxg5+ {[%emt 0:00:36]} hxg5 {[%emt 0:00:00]} 57. e4 {[%emt 0:00:14]} Ke5 {[%emt 0:00:00]} 58. f3 {[%emt 0:00:08]} Kf6 {[%emt 0:00:00]} 59. Kh5 {[%emt 0:00:02]} 1-0

[Event "CCCSA GM Norm A 2019"]
[Site "Charlotte"]
[Date "2019.06.09"]
[Round "8.5"]
[White "Yoo, Christopher Woojin"]
[Black "Jacobson, Brandon"]
[Result "1/2-1/2"]
[WhiteElo "2430"]
[BlackElo "2486"]
[Annotator "ChessBase"]
[PlyCount "78"]
[EventDate "2019.06.05"]
[EventType "tourn"]
[EventCountry "USA"]
[SourceTitle "playchess.com"]
[Source "ChessBase"]
[SourceQuality "1"]
[TimeControl "5400+30"]

1. e4 {[%emt 0:03:36]} g6 {[%emt 0:00:43]} 2. d4 {[%emt 0:00:10]} Bg7 {[%emt 0:00:11]} 3. Nc3 {[%emt 0:00:22]} d6 {[%emt 0:00:06]} 4. f4 {[%emt 0:05:34]} Nf6 {[%emt 0:00:11]} 5. Nf3 {[%emt 0:00:08]} O-O {[%emt 0:00:05]} 6. Bd3 {[%emt 0:01:13]} Nc6 {[%emt 0:00:04]} 7. Be2 {[%emt 0:01:37]} e5 {[%emt 0:05:24]} 8. dxe5 {[%emt 0:03:06]} dxe5 {[%emt 0:00:10]} 9. Qxd8 {[%emt 0:02:10]} Rxd8 {[%emt 0:09:33]} 10. fxe5 {[%emt 0:01:57]} Ng4 {[%emt 0:00:15]} 11. Nd5 {[%emt 0:14:49]} Rd7 {[%emt 0:01:55]} 12. Bg5 {[%emt 0:00:34]} h6 {[%emt 0:08:59]} 13. Bh4 {[%emt 0:17:35]} Ncxe5 {[%emt 0:12:34]} 14. Nxe5 {[%emt 0:04:24]} Nxe5 {[%emt 0:00:02]} 15. O-O {[%emt 0:01:44]} Kh8 {[%emt 0:06:11]} 16. Bg3 {[%emt 0:21:58]} c6 {[%emt 0:09:51]} 17. Nf6 {[%emt 0:03:08]} Rd2 {[%emt 0:01:10]} 18. Rae1 {[%emt 0:03:46]} Nd7 {[%emt 0:09:56]} 19. Ne8 {[%emt 0:04:48]} Bd4+ {[%emt 0:15:25]} 20. Kh1 {[%emt 0:00:11]} f6 {[%emt 0:00:03]} 21. c3 {[%emt 0:03:47]} Be5 {[%emt 0:00:52]} 22. Bxe5 {[%emt 0:00:33]} Nxe5 {[%emt 0:10:04]} 23. Rxf6 {[%emt 0:00:34]} Kg8 {[%emt 0:00:04]} 24. Rd6 {[%emt 0:02:44]} Rxd6 {[%emt 0:01:25]} 25. Nxd6 {[%emt 0:00:08]} b5 {[%emt 0:00:02]} 26. Nxc8 {[%emt 0:01:47]} Rxc8 {[%emt 0:00:01]} 27. Rd1 {[%emt 0:00:12]} Kf7 {[%emt 0:00:20]} 28. Kg1 {[%emt 0:00:05]} Ke7 {[%emt 0:00:23]} 29. Kf2 {[%emt 0:00:11]} Rd8 {[%emt 0:03:35]} 30. Rd4 {[%emt 0:01:00]} Rb8 {[%emt 0:01:41]} 31. Ke3 {[%emt 0:00:42]} a5 {[%emt 0:00:01]} 32. Kf4 {[%emt 0:00:54]} Ke6 {[%emt 0:00:57]} 33. h4 {[%emt 0:00:30]} a4 {[%emt 0:01:27]} 34. h5 {[%emt 0:00:29]} gxh5 {[%emt 0:00:56]} 35. Rd1 {[%emt 0:00:31]} Rg8 {[%emt 0:00:13]} 36. g3 {[%emt 0:00:22]} Rf8+ {[%emt 0:02:08]} 37. Ke3 {[%emt 0:00:04]} Rg8 {[%emt 0:00:38]} 38. Kf4 {[%emt 0:00:23]} Rf8+ {[%emt 0:00:46]} 39. Ke3 {[%emt 0:00:06]} Rg8 {[%emt 0:00:34]} 1/2-1/2

[Event "CCCSA GM Norm A 2019"]
[Site "Charlotte"]
[Date "2019.06.10"]
[Round "9.1"]
[White "Hong, Andrew"]
[Black "Ringoir, Tanguy"]
[Result "0-1"]
[WhiteElo "2414"]
[BlackElo "2500"]
[Annotator "TA"]
[PlyCount "92"]
[EventDate "2019.06.05"]
[EventType "tourn"]
[EventCountry "USA"]
[SourceTitle "playchess.com"]
[Source "ChessBase"]
[SourceQuality "1"]

{[%evp 22,92,15,0,0,0,3,6,31,0,0,-33,-22,-64,-62,-58,-7,0,0,0,0,0,0,0,0,0,0,0,2,0,0,0,0,0,0,0,0,-48,0,0,0,0,0,0,0,0,0,0,0,-30,-28,-331,-189,-541,-535,-1945,-1837,-1664,-950,-2709,-618,-29984,-29985,-29985,-29986,-29986,-29983,-29991,-29988,-29988,-29989,-29993,-29994]} 1. e4 e5 2. Nf3 Nc6 3. Bb5 a6 4. Ba4 Nf6 5. O-O Be7 6. Re1 b5 7. Bb3 O-O 8. h3 Bb7 9. d3 d5 10. exd5 Nxd5 11. Nxe5 Nxe5 12. Rxe5 Qd6 {C88: Closed Ruy Lopez: Anti-Marshall Systems} 13. Re1 Rae8 14. Nd2 c5 {The position is equal.} 15. Nf3 (15. Ne4 Qc6 16. c4 Nb6 17. cxb5 axb5 18. Qf3 c4 19. dxc4 Qg6 20. Bd2 bxc4 {1-0 (46) Navara,D (2737)-Aronian,L (2799) Saint Louis 2017}) 15... Bd8 16. Bg5 Bc7 17. Qd2 $146 ({Predecessor:} 17. Bh4 Nc3 18. Bg3 Qxg3 19. fxg3 Nxd1 20. Raxd1 Bxg3 21. Rxe8 Rxe8 {0-1 (28) Kiesel,H (2101)-Kuegel,T (2274) Verden 2017}) 17... Nf6 {...Bxf3 is the strong threat.} 18. Rxe8 Rxe8 ({Better is} 18... Nxe8 $15 19. Re1 Bxf3 20. gxf3 Qh2+ 21. Kf1 Nd6) 19. Re1 $1 $11 {aiming for Bxf6.} Bxf3 20. Rxe8+ Nxe8 21. gxf3 Qh2+ (21... h6 $5 22. Be3 $8 Qh2+ 23. Kf1 Qxh3+ 24. Ke2 Bb6 $11) 22. Kf1 Qxh3+ 23. Ke2 h6 24. Be3 Qf5 25. Qc3 Bb6 26. f4 Nf6 27. Qe5 Qc8 28. Kd2 h5 29. f5 h4 30. Qh2 Ba5+ 31. c3 c4 {Threatens to win with ...Bc7.} 32. dxc4 bxc4 33. Bd1 Qd8+ $1 ({Reject} 33... Qxf5 $6 34. Qb8+ Kh7 35. Bc2 $1 $18 {[%mdl 512]}) 34. Kc1 Nd5 35. Bd2 Bc7 36. Qg2 $2 {[%mdl 8192]} (36. f4 $1 $11 {and White is okay.}) 36... Bf4 $40 {[%mdl 128] Black goes for the king.} (36... Nf4 $142 37. Qf3 Nd3+ 38. Kb1 Ne5 $1 {[%mdl 512]}) 37. Bxf4 $2 (37. Qg4 {is tougher.} Bxd2+ 38. Kxd2) 37... Nxf4 $19 38. Qf3 Nd3+ 39. Kb1 {[#]} h3 $1 {[%mdl 512] White must now prevent ...h2.} 40. f6 {[#]} (40. Qxh3 Qb6) 40... Ne5 (40... Nxf2 $142 $1 {[%mdl 512]} 41. Be2 (41. Qxf2 Qxd1#) 41... h2 42. Bxc4 h1=Q+ 43. Qxh1 Nxh1) 41. Qh5 g6 {Black mates.} 42. Qe2 h2 43. Qe1 Qxf6 44. f3 Qf5+ 45. Bc2 Qg5 46. f4 {[#]} Qg1 $1 {Accuracy: White = 43%, Black = 87%.} 0-1

[Event "CCCSA GM Norm A 2019"]
[Site "Charlotte"]
[Date "2019.06.10"]
[Round "9.2"]
[White "Grigoryan, Karen H."]
[Black "Yoo, Christopher Woojin"]
[Result "0-1"]
[WhiteElo "2547"]
[BlackElo "2430"]
[Annotator "TA"]
[PlyCount "156"]
[EventDate "2019.06.05"]
[EventType "tourn"]
[EventCountry "USA"]
[SourceTitle "playchess.com"]
[Source "ChessBase"]
[SourceQuality "1"]

{[%evp 12,156,31,20,19,13,12,0,15,19,35,29,53,28,28,17,24,22,40,18,17,31,63,57,43,21,31,39,31,25,54,0,-10,-1,-3,-25,0,0,7,-7,28,-13,-14,-47,-7,-5,-12,-12,-10,-36,10,16,12,13,14,6,6,6,8,8,25,24,24,23,20,23,60,33,208,207,244,238,232,229,234,237,233,213,207,159,277,277,275,246,269,263,197,121,129,79,113,81,95,30,33,0,0,0,0,0,0,0,0,0,0,0,0,0,0,0,0,0,0,-7,-3,-8,-8,-178,-177,-183,-185,-174,0,-12,0,-187,-183,-363,-363,-356,-356,-322,-309,-29969,-29970,-29970,-29971,-29971,-29972,-29972,-29973,-29972,-29971,-29976,-29971,-29985,-29986]} 1. c4 Nf6 2. Nc3 d5 3. cxd5 Nxd5 4. g3 g6 5. Bg2 Nb6 6. d3 Bg7 7. Be3 O-O {A16: English Opening: 1...Nf6 with ...d5} (7... Nc6 8. Bxc6+ bxc6 9. Qd2 h5 10. h4 Nd5 11. Rc1 Nxe3 12. Qxe3 Rb8 13. b3 Bd4 14. Qd2 Bg4 15. Nf3 Bxf3 16. exf3 Qd6 {1-0 (65) Jakovenko,D (2732)-Zeng,C (2535) China 2018}) 8. Rc1 c6 9. Qd2 N8d7 {The position is equal.} 10. Bh6 Nf6 11. Nf3 Re8 12. Bxg7 Kxg7 13. O-O e5 14. b4 $146 ({Predecessor:} 14. Ng5 Ng4 15. Rfd1 {0-1 (50) Fasser,W (2038)-Szarvas,Z (2148) Harkany 2001}) 14... Qd6 15. Qb2 Nbd5 16. b5 Bd7 17. bxc6 Bxc6 18. Nb5 Bxb5 19. Qxb5 Re7 20. e4 Qb4 21. Rb1 ({Better is} 21. Qc5 $14 Qxc5 22. Rxc5) 21... Qxb5 $11 22. Rxb5 Nc3 {[%mdl 64] Double Attack} 23. Rxe5 Rd7 24. Rc5 Rxd3 25. Ne5 Ne2+ 26. Kh1 Rc3 27. Rb5 Rc7 28. Rb2 $132 {[%mdl 2048] White is not keeping still} Nc3 29. Rc1 Rac8 30. Rbc2 (30. f3 {with more complications.} Na4 31. Rxc7 Rxc7 32. Rb4 Nc3 33. Kg1) 30... Nb5 31. Rxc7 Rxc7 32. Rxc7 Nxc7 {[%mdl 4096] Endgame KBN-KNN} 33. Kg1 Nb5 34. f3 Nc3 35. a3 b5 36. Bf1 a6 37. Bd3 Ne8 38. Kf2 Nc7 39. Bc2 Na2 $2 {[#]} (39... Kf6 $14 40. Nd3 Ke6) 40. Nxf7 $1 $18 {[%mdl 512]} a5 {Black wants to play ...b4.} (40... Kxf7 41. Bb3+) 41. Nd6 a4 42. Ke3 b4 43. axb4 {Strongly threatening b5.} ({Less strong is} 43. Bxa4 Nc3 $14) 43... a3 44. b5 $1 {[%cal Rb5b6] b6 is the strong threat.} Nc3 45. Bb3 {And now b6 would win.} a2 (45... N3xb5 $16 46. Nxb5 Nxb5) 46. Bxa2 $1 Nxa2 47. Kd4 Kf6 48. Kc4 Ke7 49. Nb7 (49. e5 $18) 49... Na8 $16 50. Na5 {[%mdl 1024] White has strong compensation.} Nb6+ 51. Kc5 Nd7+ 52. Kc6 ({White should play} 52. Kd4 $16) 52... Nc3 $11 {Threatening ...Ne5+.} 53. Nc4 Ne2 54. b6 Nd4+ {[%mdl 64] Double Attack} 55. Kd5 Nxf3 56. b7 Kd8 57. Kd6 Ng5 58. e5 Nf7+ 59. Ke6 Ng5+ 60. Kd5 Kc7 61. h4 Nf7 62. g4 Nd8 ({Wrong is} 62... Kxb7 $2 63. Ke6 $18) 63. g5 Nxb7 {aiming for ...Ndc5.} 64. Ke6 $2 (64. e6 $11 {and White has nothing to worry.} Nb8 65. Ne5) 64... Nd8+ $1 $19 65. Ke7 Nc6+ $1 66. Ke6 {[#]} Nd8+ $2 ({Black should try} 66... Kd8 $1 $19 {White must now prevent ...Kc7.} 67. Kd5 Nb4+ 68. Ke6 Nc6) 67. Ke7 $1 $11 Nc6+ $2 (67... Nc5 $11 68. Kf8 Nce6+ 69. Kg8 Kd7 70. Kxh7 Nf4) 68. Ke6 $19 {[#]} Kd8 $1 69. Kd6 $2 (69. Kd5 Nb4+ 70. Kd6) 69... Nd4 70. e6 Nf5+ 71. Kd5 Nf8 ({And not} 71... Nxh4 72. exd7 Kxd7 73. Ne5+ Kc7 74. Ke6 $11) 72. Nd6 $2 (72. Ke5 $19 Ke7 73. h5) 72... Nxd6 {Black mates.} 73. Kxd6 {KN-K3P} Ke8 74. e7 Nd7 75. Ke6 Nb6 76. Kf6 Nd5+ 77. Kg7 Nxe7 78. Kxh7 Kf7 {Accuracy: White = 57%, Black = 62%.} 0-1

[Event "CCCSA GM Norm A 2019"]
[Site "Charlotte"]
[Date "2019.06.10"]
[Round "9.3"]
[White "Wang, Tianqi"]
[Black "Korley, Kassa"]
[Result "0-1"]
[WhiteElo "2333"]
[BlackElo "2430"]
[Annotator "TA"]
[PlyCount "46"]
[EventDate "2019.06.05"]
[EventType "tourn"]
[EventCountry "USA"]
[SourceTitle "playchess.com"]
[Source "ChessBase"]
[SourceQuality "1"]

{[%evp 14,116,19,12,14,13,29,12,6,15,28,23,26,0,0,0,0,-75,-9,-274,-229,-343,-345,-341,-210,-204,-186,-203,-187,-205,-204,-212,-191,-247,-225,-272,-255,-243,-201,-196,-201,-201,-195,-237,-220,-217,-227,-225,-228,-254,-168,-193,-178,-206,-204,-227,-209,-246,-254,-247,-237,-303,-295,-304,-299,-302,-267,-323,-323,-323,-322,-446,-449,-449,-449,-449,-442,-429,-406,-395,-387,-358,-365,-362,-300,-370,-331,-510,-309,-352,0,-484,-336,-672,-681,-677,-670,-927,-664,-29973,-29974,-29981,-29965,-29984,-29982]} 1. d4 d6 2. c4 e5 3. e3 g6 4. Nf3 Bg7 5. Be2 Nd7 6. Nc3 Ngf6 7. O-O O-O 8. Rb1 Re8 {E61: King's Indian: Early deviations for White, including Smyslov System} 9. Re1 b6 $146 ({Predecessor:} 9... e4 10. Nd2 Nf8 11. b4 h5 12. b5 Bf5 13. Rb3 N8h7 14. Nf1 Qd7 15. Ng3 Bg4 16. f3 exf3 17. gxf3 {½-½ (84) Barus,C (2205)-Haik,A (2425) Thessaloniki 1988}) 10. b4 a5 {The position is equal.} 11. a3 axb4 12. axb4 Bb7 13. Bb2 exd4 14. Nxd4 Ne4 15. Bf1 (15. Nxe4 $11 Bxe4 16. Bf3) 15... h5 (15... c5 $17 16. bxc5 dxc5) 16. Ra1 $2 {[%mdl 8192]} (16. Qc2 $11 {and White stays safe.}) 16... Rxa1 17. Bxa1 {[#]} (17. Qxa1 {only move.} Nxf2 18. Nd5) 17... Nxf2 $1 $19 {[%mdl 512]} 18. Qd2 (18. Kxf2 Qh4+) 18... Ne4 19. Nxe4 Bxe4 20. Nb5 Ne5 21. Rd1 Qe7 22. h3 Bb7 23. Bd4 (23. Qf2 $142) 23... c5 {Played: Bg7-h6} 0-1

[Event "CCCSA GM Norm A 2019"]
[Site "Charlotte"]
[Date "2019.06.10"]
[Round "9.4"]
[White "Gauri, Shankar"]
[Black "Ostrovskiy, Aleksandr"]
[Result "0-1"]
[WhiteElo "2378"]
[BlackElo "2437"]
[Annotator "TA"]
[PlyCount "104"]
[EventDate "2019.06.05"]
[EventType "tourn"]
[EventCountry "USA"]
[SourceTitle "playchess.com"]
[Source "ChessBase"]
[SourceQuality "1"]

{[%evp 9,104,18,13,17,22,22,22,21,24,27,22,22,24,24,37,27,37,30,37,24,25,9,19,13,29,0,29,24,31,29,53,35,47,34,45,14,5,23,36,39,88,32,52,23,34,28,81,-12,52,25,34,0,0,0,8,-41,14,0,5,0,0,0,0,-134,-141,-152,-148,-138,-138,-165,-147,-168,-152,-143,-125,-159,-119,-272,-272,-423,-425,-443,-508,-503,-487,-454,-445,-687,-652,-6705,-6591,-29978,-29979,-29980,-29981,-29992,-29993]} 1. e4 e6 2. d4 d5 3. Nd2 h6 (3... c5 4. Ngf3 cxd4 5. Nxd4 Nc6 6. Bb5 Bd7 7. Nxc6 bxc6 8. Bd3 Qc7 9. Qe2 Ne7 10. O-O Ng6 11. Nf3 Bd6 12. c4 dxe4 13. Bxe4 O-O 14. Rd1 Rad8 15. h3 c5 16. b3 Bc6 {0-1 (40) Nepomniachtchi,I (2763)-Vitiugov,N (2719) St Petersburg 2018}) 4. Ngf3 Nf6 5. exd5 exd5 6. Bd3 {C03: French Tarrasch: Unusual Black 3rd moves} c5 7. O-O c4 8. Re1+ {The position is equal.} Be7 9. Bf1 Nc6 $146 ({Predecessor:} 9... O-O 10. b3 cxb3 11. axb3 {0-1 (38) Grigoriants,S (2603)-Piorun,K (2609) Berlin 2015}) 10. b3 cxb3 11. axb3 O-O 12. c3 Be6 13. Bd3 Re8 14. Nf1 Qc7 15. Ng3 Bd6 16. Bd2 a6 17. Nh4 Bf4 (17... Bg4 {feels hotter.} 18. Qc2 Ne7 19. Qc1 Rac8 20. Nf1 Be6) 18. Qc1 Bxd2 19. Qxd2 Ne7 20. Rac1 b5 21. h3 Qb6 22. Nf3 a5 23. Ne5 Rab8 24. b4 Rec8 25. Bb1 (25. Ng4 $16 Nxg4 26. bxa5 Qxa5 27. hxg4) 25... Nc6 26. Rcd1 axb4 27. cxb4 Rc7 (27... Ra8 $11 {remains equal.}) 28. Re3 (28. Rc1 $16) 28... Rd8 (28... Qxd4 $11 29. Qxd4 Nxd4) 29. Kh2 Rcc8 30. Nf5 Bxf5 $1 ({But not} 30... Ne4 $6 31. Bxe4 dxe4 32. Nxc6 $16) 31. Bxf5 Rc7 32. Rg3 {Black must now prevent Qxh6.} Kf8 (32... Ne7 $15 33. Rf3 Qd6) 33. Rf3 Re7 34. Re3 Ne4 35. Qb2 Nd6 $36 {[%mdl 2048] White is under pressure.} 36. Qb1 (36. Nxc6 $11 Qxc6 37. Rxe7 Kxe7 38. Bg4) 36... Nc4 $17 37. Nxc4 dxc4 38. d5 Rxe3 39. fxe3 Ne7 40. e4 Qd6+ 41. Kh1 Nxf5 42. exf5 {[%mdl 4096] Endgame KQR-KQR} Qe5 43. f6 $2 (43. Qa2 $17 {was forced.}) 43... Rxd5 $19 ({Resist} 43... Qxf6 44. Qa2 $19) 44. Re1 (44. fxg7+ $142 Kxg7 45. Re1) 44... Qxf6 45. Qh7 {[%cal Rh7h8] [#]} g5 $1 ({Weaker is} 45... Re5 46. Qh8+ Ke7 47. Rd1 $17) 46. Qe4 Rf5 {Strongly threatening ...Rf1+.} 47. Kg1 Kg7 48. Rd1 (48. Qe3 $142) 48... Rf4 49. Qb7 c3 50. Qxb5 c2 {Black mates.} 51. Re1 {[#]} Qc3 $1 {[%mdl 64] Double Attack} 52. Rc1 Qe3+ {[%mdl 64] Double Attack. Accuracy: White = 37%, Black = 53%.} 0-1